| 000 | 00649nam a2200193Ia 4500 | ||
|---|---|---|---|
| 005 | 20250923145042.0 | ||
| 008 | 008 250917s9999 xx 000 0 eng d | ||
| 037 | _aTextual | ||
| 040 |
_aDSWL _beng _cDSWL |
||
| 041 |
_aeng _2eng |
||
| 084 |
_aX:16:9.448152'N564, N64 _qDSWL |
||
| 245 | 0 |
_aReport on family living survey among industrial workers 1958-1959 Bhopal _cby Ministry of Labour and Employment,India |
|
| 260 |
_bGovt of India , Ministry of Labour and Employment _c1965 |
||
| 300 | _aviii,158 p. | ||
| 365 |
_aINR _b7 |
||
| 925 | _g7 | ||
| 942 |
_cTEXL _hX:16:9.448152'N564, N64 |
||
| 999 |
_c1446488 _d1446488 |
||